Представление документа в формате RUSMARC

ПолеНазваниеЗначение
  Тип записи a
  Библиографический уровень a
001 Контрольный номер UONB/MAIN/11a4582ae8544a9ca65ca21f7e966ef1
005 Дата корректировки 20260422124500.8
100 Данные общей обработки __
a Данные общей обработки 20260422 ||| 0rusy0189 ca
101 Язык документа 0_
a Язык текста rus
102 Страна публикации __
a Страна публикации RU
200 Заглавие и сведения об ответственности 1_
a Заглавие Как стать успешным?
f Первые сведения об ответственности Ю. Логашева
e Сведения, относящиеся к заглавию вертикальная карьера князя Даниила
203 Вид содержания и тип средства __
a Вид содержания Текст
c Тип средства непосредственный
225 Серия 1_
a Серия Домашняя церковь
320 Библиография __
a Библиография Библиогр.: с. 240 (3 назв.)
330 Аннотация __
a Аннотация Эссе о жизни и служении благоверного князя Даниила Московского (1261–1303), написанное автором на стыке исторического и педагогического образования. При подготовке статьи использовалась историческая литература.
461 Уровень набора _0
1 2000
a Москва
1 011
a 0131-2332
463 Уровень физической единицы _0
1 2000
a № 3
v С. 233-240
1 2101
d 2026
1 001UONB/MAIN/be4d8960933542609546a630b5db2276
600 Персоналии _0
a Персоналии (Фамилия) Даниил Московский
c Дополнение к имени благоверный князь
f Даты 1261-1303
606 Тематические рубрики 0_
a Основная рубрика Религия. Мистика. Свободомыслие
606 Тематические рубрики 0_
a Основная рубрика Православие
610 Ключевые слова 0_
a Ключевые слова общественно-политическая жизнь
610 Ключевые слова 0_
a Ключевые слова исторические личности
610 Ключевые слова 0_
a Ключевые слова русские князья
610 Ключевые слова 0_
a Ключевые слова житие русских князей
610 Ключевые слова 0_
a Ключевые слова популяризация истории
610 Ключевые слова 0_
a Ключевые слова исторические ценности
686 Индексы других классификаций __
2 Код системы rubbk
700 Автор _1
a Фамилия Логашева
b Имя (инициалы) Ю.
g Полное личное имя Юлия
4 Код отношения 070
801 Источник записи _0
a Страна RU
b Организация Ульяновская ОНБ
c Дата составления 20260422
g Правила каталогизации RCR
801 Источник записи _1
a Страна RU
b Организация Ульяновская ОНБ
c Дата составления 20260422
g Правила каталогизации RCR
901 Тип документа __
t Тип документа b
w Контрольный № источника UONB/MAIN/be4d8960933542609546a630b5db2276